Historia económica, social y general / (Record no. 8927)

MARC details
000 -LEADER
fixed length control field 00957nam a22002417a 4500
005 - DATE AND TIME OF LATEST TRANSACTION
control field 20230724174108.0
008 - FIXED-LENGTH DATA ELEMENTS--GENERAL INFORMATION
fixed length control field 180831b xxu||||| |||| 00| 0 spa d
020 ## - INTERNATIONAL STANDARD BOOK NUMBER
International Standard Book Number 9505374429 (versión impresa)
082 14 - DEWEY DECIMAL CLASSIFICATION NUMBER
Edition number 14
Classification number 330.98
100 1# - MAIN ENTRY--PERSONAL NAME
9 (RLIN) 4481
Personal name Barbero, María Inés
245 10 - TITLE STATEMENT
Title Historia económica, social y general /
Statement of responsibility, etc María Inés Barbero y otros
260 ## - PUBLICATION, DISTRIBUTION, ETC. (IMPRINT)
Place of publication, distribution, etc Buenos Aires:
Name of publisher, distributor, etc Macchi,
Date of publication, distribution, etc 1998
300 ## - PHYSICAL DESCRIPTION
Extent 460 p.
505 ## - FORMATTED CONTENTS NOTE
Title Introducción.
-- El nacimiento de las sociedades industriales.
-- Plenitud y crisis de la sociedad industrial.
-- La transición a la economía posindustrial.
650 27 - SUBJECT ADDED ENTRY--TOPICAL TERM
9 (RLIN) 1282
Topical term or geographic name as entry element DESARROLLO ECONOMICO Y SOCIAL
Source of heading or term unescot
650 27 - SUBJECT ADDED ENTRY--TOPICAL TERM
9 (RLIN) 555
Topical term or geographic name as entry element HISTORIA ECONOMICA
Source of heading or term unescot
651 #0 - SUBJECT ADDED ENTRY--GEOGRAPHIC NAME
Geographic name AMERICA LATINA
9 (RLIN) 735
700 1# - ADDED ENTRY--PERSONAL NAME
9 (RLIN) 17513
Personal name Berenblum, Ruben L.
700 1# - ADDED ENTRY--PERSONAL NAME
9 (RLIN) 5404
Personal name García Molina, Fernando
700 1# - ADDED ENTRY--PERSONAL NAME
9 (RLIN) 17514
Personal name Saborido, Jorge E.
942 ## - ADDED ENTRY ELEMENTS (KOHA)
Source of classification or shelving scheme Dewey Decimal Classification
Item type Libro, folleto, traducción
980 ## - EQUIVALENCE OR CROSS-REFERENCE-SERIES STATEMENT--PERSONAL NAME/TITLE [LOCAL, CANADA]
Linkage 19226
Personal name Palazón Marcela I.
Field link and sequence number 19226
Miscellaneous information Palazón Marcela I.
Holdings
Withdrawn status Lost status Source of classification or shelving scheme Damaged status Not for loan Home library Current library Date acquired Total Checkouts Full call number Barcode Date last seen Copy number Price effective from Koha item type
    Dewey Decimal Classification     Biblioteca Central Biblioteca Central 24/07/2023   330.98 BAR UNAJ23070092 17/03/2025 1 24/07/2023 Libro, folleto, traducción

Lunes a Viernes 8:30 a 19:00 hs. Cerrado por mudanza
Av.Calchaqui 6200 Florencio Varela (CP188) 2°piso Edificio Mosconi Aula 209-210
Mail: bibliotecacentralunaj@gmail.com  
Whatsapp(54 9)1122668024    ❔Pregunte a la bibliotecaria
© Universidad Nacional Arturo Jauretche | Secretaría Académica | Biblioteca Central UNAJ